000 00644nam a22002537a 4500
003 UA-OsUOA
001 22347
007 ta
008 20031218b un ||||| |||| 00| 0 ukr d
100 _aКулагина Н.В.
090 _a159.9
_bК90
942 _cBK
040 _aUA-OsUOA
_brus
_cUA-OsUOA
_dUA-OsUOA
245 _aСимвол как средство мировосприятия и миропонимания
300 _a80 с.
955 _a0
041 _arus
080 _a159.9
020 _a5-89502-071-2
260 _aМосква
_bНПО "МОДЕК"
_c1999
044 _aRU
650 7 _2UDC
999 _c308565
_d308565